V európskom trende bývalú vojenskú väznicu v Sabinove zrekonštruovali na civilné väzenie

Bibliographic Details
Main Author: Petruš, Andrej (Author)
Other Authors: Mudríková, Kvetoslava (Photographer)
Format: Article
Language:Slovak
PhysicalDescription:Fotogr.
ISSN:1336-4030
Subjects:
Online Access:www.vecernik.po.sk

MARC

LEADER 00000nab a2200000 a 4500
001 vtls008996776
003 SK-MaSNL
005 20260303065752.0
008 070607c20070403xo dr n 000 00slo
038 |a SVKPOCL 
040 |a SVKPOCL  |b slo  |c AACR2  |e AACR2 
041 |a slo 
044 |a xo  |c SK 
080 |a 343.811  |2 2001 
080 |a 725.18  |2 2001 
100 1 |a Petruš, Andrej  |4 aut  |9 672594 
245 1 0 |a V európskom trende  |b bývalú vojenskú väznicu v Sabinove zrekonštruovali na civilné väzenie  |c Andrej Petruš ; foto: Kvetoslava Mudríková 
300 |a Fotogr. 
610 2 7 |a Ústav na výkon väzby (Prešov, Slovensko)  |2 svkpocl  |9 1066273 
650 0 7 |a väznice  |z Sabinov (Slovensko)  |2 svkpocl  |9 1066274 
651 7 |a Prešov (Slovensko)  |2 svkpocl  |9 17347 
651 7 |a Sabinov (Slovensko)  |2 svkpocl  |9 29434 
700 1 |a Mudríková, Kvetoslava  |4 pht  |9 424859 
773 0 |t Prešovský večerník  |g Roč. XVIII, č. 4172 (3.4.2007), s. 5  |x 1336-4030 
852 |a SVKPO  |b KIS3GCP 
856 4 1 |u www.vecernik.po.sk 
958 |a RG 
999 |c 1752596  |d 1754526